[Event "Sydney op"]
[Site "Parramatta"]
[Date "2010.04.10"]
[Round "8"]
[White "Stojic, Svetozar"]
[Black "Lee, Ben"]
[Result "1-0"]
[WhiteElo "2013"]
[BlackElo "2022"]
[PlyCount "53"]
[EventDate "2010.04.07"]
[EventType "swiss"]
[EventRounds "9"]
[EventCountry "AUS"]
[SourceTitle "CBM 135 Extra"]
[Source "ChessBase"]
[SourceDate "2010.05.04"]
[SourceVersion "1"]
[SourceVersionDate "2010.05.04"]
[SourceQuality "1"]

1. e4 c5 2. Nf3 d6 3. d4 cxd4 4. Nxd4 Nf6 5. Nc3 g6 6. Be3 Bg7 7. f3 0-0 8. Qd2 Nc6 9. Bc4 Bd7 10. Nde2 Re8 11. Bh6 Bh8 12. h4 Qa5 13. 0-0-0 Rac8 14. Bb3 Ne5 15. h5 Nc4 16. hxg6 hxg6 17. Bxc4 Rxc4 18. g4 Rec8 19. Bf8 g5 20. Bxe7 Bg7 21. Qxd6 R8c6 22. Qa3 Qc7 23. Rd6 R6c5 24. Qxa7 Be6 25. Qa8+ Bc8 26. Rd8+ Bf8 27. Bxf6 1-0

[Event "Sydney op"]
[Site "Parramatta"]
[Date "2010.04.09"]
[Round "6"]
[White "Lee, Ben"]
[Black "Descallar, Levi"]
[Result "1-0"]
[WhiteElo "2022"]
[BlackElo "1979"]
[PlyCount "82"]
[EventDate "2010.04.07"]
[EventType "swiss"]
[EventRounds "9"]
[EventCountry "AUS"]
[SourceTitle "CBM 135 Extra"]
[Source "ChessBase"]
[SourceDate "2010.05.04"]
[SourceVersion "1"]
[SourceVersionDate "2010.05.04"]
[SourceQuality "1"]

1. e4 c6 2. d4 d5 3. Nc3 dxe4 4. Nxe4 Nd7 5. Nf3 Ngf6 6. Nxf6+ Nxf6 7. Bc4 Bg4 8. Bxf7+ Kxf7 9. Ne5+ Kg8 10. Nxg4 Nxg4 11. Qxg4 Qd5 12. 0-0 Rd8 13. c3 Rd6 14. Re1 Rg6 15. Qh3 e6 16. Bf4 Rf6 17. Be5 Rg6 18. b3 Rh6 19. Qd3 Rg6 20. g3 Be7 21. c4 Qd7 22. Rad1 Kf7 23. Qf3+ Bf6 24. d5 exd5 25. cxd5 Re8 26. Bxf6 Rxf6 27. Qh5+ Kf8 28. Rxe8+ Qxe8 29. Qxh7 Qe2 30. Rf1 cxd5 31. Qh8+ Kf7 32. Qb8 b6 33. Qb7+ Ke6 34. Qc6+ Ke5 35. Qc7+ Ke4 36. Qxg7 Ke5 37. Qc7+ Kd4 38. Qxa7 Kc3 39. Qc7+ Kd4 40. Qg7 Ke5 41. Qg5+ Ke6 1-0

[Event "Sydney op"]
[Site "Parramatta"]
[Date "2010.04.09"]
[Round "5"]
[White "Voon, Richard"]
[Black "Lee, Ben"]
[Result "0-1"]
[WhiteElo "1915"]
[BlackElo "2022"]
[PlyCount "78"]
[EventDate "2010.04.07"]
[EventType "swiss"]
[EventRounds "9"]
[EventCountry "AUS"]
[SourceTitle "CBM 135 Extra"]
[Source "ChessBase"]
[SourceDate "2010.05.04"]
[SourceVersion "1"]
[SourceVersionDate "2010.05.04"]
[SourceQuality "1"]

1. Nf3 Nf6 2. c4 g6 3. Nc3 Bg7 4. e4 d6 5. d4 0-0 6. Be2 e5 7. 0-0 Nc6 8. d5 Ne7 9. Ne1 Nd7 10. b4 f5 11. f3 a5 12. Ba3 f4 13. bxa5 Rxa5 14. Bb4 Ra8 15. a4 g5 16. Nd3 Ng6 17. a5 Rf7 18. Qb3 Bf8 19. Na4 Nf6 20. c5 g4 21. Rfc1 Nh4 22. Be1 Nxe4 23. fxe4 Nxg2 24. Bf2 Nh4 25. Nab2 Rg7 26. Ne1 g3 27. hxg3 fxg3 28. Bxg3 Qg5 29. Rc3 Qd2 30. Qc2 Qd4+ 31. Kh2 Be7 32. cxd6 Bxd6 33. Nf3 Nxf3+ 34. Bxf3 Kh8 35. Bf2 Qb4 36. Nc4 Qb5 37. Nxd6 Qa6 38. Ne8 Qh6+ 39. Bh5 Qxh5+ 0-1

[Event "Sydney op-A"]
[Site "Parramatta"]
[Date "2009.04.17"]
[Round "5"]
[White "Lee, Ben"]
[Black "Descallar, Levi"]
[Result "1-0"]
[WhiteElo "2022"]
[BlackElo "1984"]
[PlyCount "107"]
[EventDate "2009.04.15"]
[EventType "swiss"]
[EventRounds "9"]
[EventCountry "AUS"]
[SourceTitle "CBM 129 Extra"]
[Source "ChessBase"]
[SourceDate "2009.05.05"]
[SourceVersion "2"]
[SourceVersionDate "2009.05.20"]
[SourceQuality "1"]

1. e4 c6 2. d4 d5 3. Nc3 dxe4 4. Nxe4 Bf5 5. Ng3 Bg6 6. h4 h6 7. Nf3 Nd7 8. h5 Bh7 9. Bd3 Bxd3 10. Qxd3 e6 11. Bf4 Ngf6 12. 0-0-0 Qa5 13. Kb1 Nd5 14. Bd2 Qc7 15. c4 N5f6 16. Rhe1 0-0-0 17. Qe2 Bd6 18. Ne5 Rhf8 19. Bc3 Kb8 20. f4 Rde8 21. Qf3 Rd8 22. Nf1 Rde8 23. g4 Ng8 24. d5 Nxe5 25. fxe5 Bc5 26. d6 Qb6 27. Qd3 Bb4 28. Bxb4 Qxb4 29. a3 Qa4 30. Re4 Qa5 31. b4 Qd8 32. c5 f6 33. Rde1 f5 34. Rf4 Ne7 35. d7 Nd5 36. dxe8Q Rxe8 37. Rd4 Qh4 38. Qg3 Qg5 39. Kb2 Rf8 40. gxf5 Qxf5 41. Ne3 Qxh5 42. Nxd5 cxd5 43. Rf4 Rf5 44. Rxf5 Qxf5 45. Re2 a6 46. Rf2 Qe4 47. Rf8+ Ka7 48. c6 Qe2+ 49. Kc1 Qc4+ 50. Kd1 Qd4+ 51. Kc2 Qc4+ 52. Qc3 Qe2+ 53. Kb3 Qd1+ 54. Qc2 1-0

[Event "Sydney op-A"]
[Site "Parramatta"]
[Date "2009.04.16"]
[Round "4"]
[White "Amrutha, Mokal"]
[Black "Lee, Ben"]
[Result "1-0"]
[WhiteElo "2155"]
[BlackElo "2022"]
[PlyCount "61"]
[EventDate "2009.04.15"]
[EventType "swiss"]
[EventRounds "9"]
[EventCountry "AUS"]
[SourceTitle "CBM 129 Extra"]
[Source "ChessBase"]
[SourceDate "2009.05.05"]
[SourceVersion "2"]
[SourceVersionDate "2009.05.20"]
[SourceQuality "1"]

1. e4 c5 2. Nf3 d6 3. d4 cxd4 4. Nxd4 Nf6 5. Nc3 g6 6. Be3 Bg7 7. f3 0-0 8. Qd2 Nc6 9. Bc4 Bd7 10. 0-0-0 Rc8 11. Bb3 Ne5 12. Kb1 Nc4 13. Bxc4 Rxc4 14. h4 b5 15. b3 Rc8 16. h5 Nxh5 17. g4 Nf6 18. Bh6 Bxh6 19. Qxh6 Rxc3 20. g5 Re8 21. gxf6 exf6 22. Nf5 Bxf5 23. exf5 Rce3 24. Qxh7+ Kf8 25. Qh6+ Ke7 26. Qxe3+ Kd7 27. Qxa7+ Kc6 28. fxg6 fxg6 29. Qa6+ Kc7 30. Rh7+ Re7 31. Qa7+ 1-0

[Event "Sydney op-A"]
[Site "Parramatta"]
[Date "2009.04.15"]
[Round "1"]
[White "Mohota, Nisha"]
[Black "Lee, Ben"]
[Result "1-0"]
[WhiteElo "2304"]
[BlackElo "2022"]
[PlyCount "83"]
[EventDate "2009.04.15"]
[EventType "swiss"]
[EventRounds "9"]
[EventCountry "AUS"]
[SourceTitle "CBM 129 Extra"]
[Source "ChessBase"]
[SourceDate "2009.05.05"]
[SourceVersion "2"]
[SourceVersionDate "2009.05.20"]
[SourceQuality "1"]

1. d4 Nf6 2. c4 g6 3. Nc3 Bg7 4. e4 d6 5. Nf3 0-0 6. Be2 e5 7. Be3 Nc6 8. d5 Ne7 9. Nd2 Nd7 10. b4 f5 11. f3 Nf6 12. c5 f4 13. Bf2 g5 14. Nc4 h5 15. cxd6 cxd6 16. Nb5 Ne8 17. Nxa7 Rf6 18. Nxc8 Nxc8 19. 0-0 Rg6 20. a4 Qd7 21. Nb6 Nxb6 22. Bxb6 g4 23. a5 Bf6 24. Rc1 Bd8 25. Bxd8 Rxd8 26. Rc3 Rg7 27. Qd3 Rc8 28. Rfc1 Rxc3 29. Qxc3 Kh7 30. Qc8 g3 31. Qxd7 Rxd7 32. Bb5 Rc7 33. Rxc7+ Nxc7 34. Bd7 b5 35. Bc8 Kg7 36. Bb7 Kf7 37. a6 Ke7 38. a7 Kd7 39. a8Q Nxa8 40. Bxa8 Kc7 41. Bc6 Kb6 42. Be8 1-0